Los presocráticos / (Record no. 121143)

MARC details
000 -LEADER
campo de control de longitud fija 00683nam a2200205 4500
001 - NÚMERO DE CONTROL
campo de control 121143
003 - IDENTIFICADOR DE NÚMERO DE CONTROL
campo de control ES-MaACL
005 - FECHA Y HORA DE LA ÚLTIMA TRANSACCIÓN
campo de control 20230906191710.0
007 - CAMPO FIJO DE DESCRIPCIÓN FÍSICA--INFORMACIÓN GENERAL
campo de control de longitud fija t|
008 - DATOS DE LONGITUD FIJA--INFORMACIÓN GENERAL
campo de control de longitud fija 070214m19431944mx r ||||1| spa d
245 04 - MENCIÓN DEL TÍTULO
Título Los presocráticos /
Mención de responsabilidad, etc. traducción, prólogo y notas de Juan David García Bacca.
250 ## - MENCION DE EDICION
Mención de edición 1ª ed.
260 ## - PUBLICACIÓN, DISTRIBUCIÓN, ETC.
Lugar de publicación, distribución, etc. México :
Nombre del editor, distribuidor, etc. El Colegio [etc.],
Fecha de publicación, distribución, etc. 1943-44.
300 ## - DESCRIPCIÓN FÍSICA
Extensión 2 v. ;
Dimensiones 18 cm.
490 1# - MENCIÓN DE SERIE
Mención de serie Colección de textos clásicos de Filosofía ;
Designación de volumen o secuencia 6 y 7
700 1# - ENTRADA AGREGADA--NOMBRE PERSONAL
Nombre de persona García Bacca, Juan David.
9 (RLIN) 54205
830 0# - PUNTO DE ACCESO ADICIONAL DE SERIE-TÍTULO UNIFORME
Título uniforme Colección de textos clásicos de Filosofía ;
Designación de volumen o secuencia 6 y 7
9 (RLIN) 231755
852 ## - LOCALIZACIÓN
Ubicación ES-MaACL
Número de control de estantería C-4893-94
Sublocalización o colección R.25461
Holdings
Estatus retirado Estado de pérdida Estado de daño No para préstamo Biblioteca de origen Biblioteca actual Ubicación en estantería Fecha de adquisición Fuente de adquisición Total de préstamos Signatura topográfica completa Código de barras Visto por última vez Precio de reemplazo Tipo de ítem Koha
        Biblioteca del Ateneo de Madrid Biblioteca del Ateneo de Madrid Sala Palomar 17/01/2008     C-4893-94 1126255 23/02/2023 23/02/2023 Libro impreso